| 000 | 00606nam a22001937a 4500 | ||
|---|---|---|---|
| 003 | LK-CoMWRAF | ||
| 005 | 20230928093059.0 | ||
| 008 | 230928b |||||||| |||| 00| 0 eng d | ||
| 040 |
_aLK-CoMWRAF _dLK-CoMWRAF _eLK-CoMWRAF |
||
| 041 | _aeng | ||
| 082 |
_a302.14 _bMUR |
||
| 100 | _aMuralidharan, Sukumar | ||
| 245 |
_aMandal, Mandir and Masjid : _b"Hindu" communalism and the crisis of the state |
||
| 300 |
_aMadras : _bIndian school of social science, _c1990 |
||
| 650 | _aCommunalism -- India | ||
| 650 | _aHindus -- India -- Communalism | ||
| 650 | _aMuslims -- India -- Communalism | ||
| 942 | _cBK | ||
| 999 |
_c3718 _d3718 |
||